The prince and the pauper / (Record no. 1784)

MARC details
000 -LEADER
fixed length control field 00576nam a22001937a 4500
005 - DATE AND TIME OF LATEST TRANSACTION
control field 20230313075445.0
008 - FIXED-LENGTH DATA ELEMENTS--GENERAL INFORMATION
fixed length control field 230313b |||||||| |||| 00| 0 eng d
020 ## - INTERNATIONAL STANDARD BOOK NUMBER
International Standard Book Number 978-0-553-21256-3
082 ## - DEWEY DECIMAL CLASSIFICATION NUMBER
Classification number Fic. T969 2007
100 ## - MAIN ENTRY--PERSONAL NAME
Personal name Twain, Mark
Relator term author
245 ## - TITLE STATEMENT
Title The prince and the pauper /
Statement of responsibility, etc. Mark Twain
260 ## - PUBLICATION, DISTRIBUTION, ETC.
Place of publication, distribution, etc. New York:
Name of publisher, distributor, etc. Bantam Dell,
Date of publication, distribution, etc. c2007
300 ## - PHYSICAL DESCRIPTION
Extent xi, 2020p.
490 ## - SERIES STATEMENT
Series statement Bantam classic
541 ## - IMMEDIATE SOURCE OF ACQUISITION NOTE
Accession number 5075
650 ## - SUBJECT ADDED ENTRY--TOPICAL TERM
Topical term or geographic name entry element Edward - VI. - - King of England - - 1537-1553 - Fiction
650 ## - SUBJECT ADDED ENTRY--TOPICAL TERM
Topical term or geographic name entry element Impostors and imposture - Fiction
650 ## - SUBJECT ADDED ENTRY--TOPICAL TERM
Topical term or geographic name entry element Historical fiction
Holdings
Withdrawn status Lost status Source of classification or shelving scheme Damaged status Not for loan Home library Current library Date acquired Total Checkouts Full call number Barcode Date last seen Copy number Price effective from Koha item type
    Dewey Decimal Classification     ctu-moalboal ctu-moalboal 06/19/2017   Fic. T969 2007 5075 03/13/2023 1 03/13/2023 Books-Fiction